| 000 | 01103nmm a2200325 a 4500 | ||
|---|---|---|---|
| 001 | ocm0001864956 | ||
| 003 | TR-IsHL | ||
| 005 | 20201028172742.0 | ||
| 008 | 180520s2015 tu tur | ||
| 007 | cr cn | ||
| 020 | _a9786059118484 | ||
| 035 |
_a1864956 _b(N$T) |
||
| 050 | 0 | 4 |
_aQA76.73.J39 _bC36 2015 |
| 090 | 0 | 4 |
_aQA76.73.J39 _bC36 2015 |
| 100 | 1 | _aCanker, Mehmet | |
| 245 | 1 | 0 |
_aAngularjs ile web ve mobil uygulama geliştirme _h[electronic resource] / _cMehmet Canker |
| 250 | _aİkinci basım | ||
| 260 |
_aİstanbul : _bKODLAB, _c2015 |
||
| 300 | _a297 p. | ||
| 650 | 4 | _aBilgisayar | |
| 650 | 4 | _aComputer Sciences | |
| 650 | 0 | _aJavaScript (Bilgisayar program dili) | |
| 650 | 0 | _aJavaScript (Computer program language) | |
| 650 | 0 |
_aUygulama yazılımı _x Geliştirme |
|
| 650 | 0 |
_aApplication software _x Development |
|
| 650 | 0 | _aWeb sitesi geliştirme | |
| 650 | 0 | _aWeb site development | |
| 650 | 7 |
_aCOMPUTERS / Programming Languages / JavaScript _2bisacsh |
|
| 856 | 4 | 0 | _uhttp://search.ebscohost.com/login.aspx?direct=true&scope=site&db=e011xww&AN=1864956 |
| 999 |
_c17356 _d17356 |
||